<?xml version="1.0" encoding="UTF-8"?>
<record
    xmlns:xsi="http://www.w3.org/2001/XMLSchema-instance"
    xsi:schemaLocation="http://www.loc.gov/MARC21/slim http://www.loc.gov/standards/marcxml/schema/MARC21slim.xsd"
    xmlns="http://www.loc.gov/MARC21/slim">

  <leader>00808nam a2200229   4500</leader>
  <datafield tag="999" ind1=" " ind2=" ">
    <subfield code="c">80233</subfield>
    <subfield code="d">317510</subfield>
  </datafield>
  <controlfield tag="003">OSt</controlfield>
  <controlfield tag="005">20220620104818.0</controlfield>
  <controlfield tag="008">220620b2016    jo ||||g |||| 00| 0 ara d</controlfield>
  <datafield tag="020" ind1=" " ind2=" ">
    <subfield code="a">9789957992057</subfield>
  </datafield>
  <datafield tag="040" ind1=" " ind2=" ">
    <subfield code="a">Ma-Un</subfield>
    <subfield code="c">Ma-Un</subfield>
  </datafield>
  <datafield tag="082" ind1="0" ind2="4">
    <subfield code="a">658.5421</subfield>
    <subfield code="b">&#x62E; &#x639; &#x647;&#x640;</subfield>
    <subfield code="2">21</subfield>
  </datafield>
  <datafield tag="100" ind1="1" ind2=" ">
    <subfield code="a">&#x627;&#x644;&#x62E;&#x627;&#x644;&#x62F;&#x64A;&#x60C; &#x639;&#x635;&#x627;&#x645;</subfield>
    <subfield code="9">91652</subfield>
  </datafield>
  <datafield tag="245" ind1="1" ind2="0">
    <subfield code="a">&#x647;&#x646;&#x62F;&#x633;&#x629; &#x627;&#x644;&#x648;&#x642;&#x62A; :</subfield>
    <subfield code="b">&#x627;&#x644;&#x625;&#x646;&#x62C;&#x627;&#x632; &#x648;&#x627;&#x644;&#x625;&#x62E;&#x641;&#x627;&#x642; &#x641;&#x64A; &#x627;&#x644;&#x62D;&#x64A;&#x627;&#x629; /</subfield>
    <subfield code="c">&#x639;&#x635;&#x627;&#x645; &#x627;&#x644;&#x62E;&#x627;&#x644;&#x62F;&#x64A;.</subfield>
  </datafield>
  <datafield tag="250" ind1=" " ind2=" ">
    <subfield code="a">&#x637;. 1.</subfield>
  </datafield>
  <datafield tag="260" ind1=" " ind2=" ">
    <subfield code="a">&#x639;&#x645;&#x627;&#x646;&#x60C; &#x627;&#x644;&#x623;&#x631;&#x62F;&#x646; :</subfield>
    <subfield code="b">&#x62F;&#x627;&#x631; &#x623;&#x645;&#x62C;&#x62F; &#x644;&#x644;&#x646;&#x634;&#x631; &#x648;&#x627;&#x644;&#x62A;&#x648;&#x632;&#x64A;&#x639;&#x60C;</subfield>
    <subfield code="c">2016</subfield>
    <subfield code="m">1437</subfield>
  </datafield>
  <datafield tag="300" ind1=" " ind2=" ">
    <subfield code="a">170 &#x635;. :</subfield>
    <subfield code="b">&#x625;&#x64A;&#x636;. &#x61B;</subfield>
    <subfield code="c">24 &#x633;&#x645;.</subfield>
  </datafield>
  <datafield tag="504" ind1=" " ind2=" ">
    <subfield code="a">&#x64A;&#x634;&#x62A;&#x645;&#x644; &#x639;&#x644;&#x649; &#x642;&#x627;&#x626;&#x645;&#x629; &#x628;&#x628;&#x644;&#x64A;&#x648;&#x62C;&#x631;&#x627;&#x641;&#x64A;&#x629;.</subfield>
  </datafield>
  <datafield tag="650" ind1=" " ind2="7">
    <subfield code="a">&#x625;&#x62F;&#x627;&#x631;&#x629; &#x627;&#x644;&#x648;&#x642;&#x62A;</subfield>
    <subfield code="9">91653</subfield>
  </datafield>
  <datafield tag="650" ind1=" " ind2="7">
    <subfield code="a">&#x627;&#x644;&#x646;&#x62C;&#x627;&#x62D;</subfield>
    <subfield code="9">91654</subfield>
  </datafield>
  <datafield tag="650" ind1=" " ind2="7">
    <subfield code="a">&#x627;&#x644;&#x625;&#x62F;&#x627;&#x631;&#x629;</subfield>
    <subfield code="9">91655</subfield>
  </datafield>
  <datafield tag="942" ind1=" " ind2=" ">
    <subfield code="2">ddc</subfield>
    <subfield code="c">BOOK</subfield>
  </datafield>
  <datafield tag="952" ind1=" " ind2=" ">
    <subfield code="1">0</subfield>
    <subfield code="2">2022-06-22</subfield>
    <subfield code="4">0</subfield>
    <subfield code="7">1</subfield>
    <subfield code="U">2022-06-22</subfield>
    <subfield code="a">658.5421 &#x62E; &#x639; &#x647;&#x640;</subfield>
    <subfield code="d">2022-06-22</subfield>
    <subfield code="h">CL</subfield>
    <subfield code="i">00175487</subfield>
    <subfield code="m">CL</subfield>
    <subfield code="r">2022-06-22 00:00:00</subfield>
    <subfield code="t">BOOK</subfield>
    <subfield code="w">ddc</subfield>
    <subfield code="y">0</subfield>
  </datafield>
  <datafield tag="952" ind1=" " ind2=" ">
    <subfield code="1">0</subfield>
    <subfield code="2">2022-06-22</subfield>
    <subfield code="4">0</subfield>
    <subfield code="7">0</subfield>
    <subfield code="U">2022-06-22</subfield>
    <subfield code="a">658.5421 &#x62E; &#x639; &#x647;&#x640;</subfield>
    <subfield code="d">2022-06-22</subfield>
    <subfield code="h">CL</subfield>
    <subfield code="i">00175488</subfield>
    <subfield code="m">CL</subfield>
    <subfield code="r">2022-06-22 00:00:00</subfield>
    <subfield code="t">BOOK</subfield>
    <subfield code="w">ddc</subfield>
    <subfield code="y">0</subfield>
  </datafield>
  <datafield tag="952" ind1=" " ind2=" ">
    <subfield code="1">0</subfield>
    <subfield code="2">2022-06-22</subfield>
    <subfield code="4">0</subfield>
    <subfield code="7">0</subfield>
    <subfield code="U">2022-06-22</subfield>
    <subfield code="a">658.5421 &#x62E; &#x639; &#x647;&#x640;</subfield>
    <subfield code="d">2022-06-22</subfield>
    <subfield code="h">CL</subfield>
    <subfield code="i">00175489</subfield>
    <subfield code="m">CL</subfield>
    <subfield code="r">2022-06-22 00:00:00</subfield>
    <subfield code="t">BOOK</subfield>
    <subfield code="w">ddc</subfield>
    <subfield code="y">0</subfield>
  </datafield>
  <datafield tag="952" ind1=" " ind2=" ">
    <subfield code="1">0</subfield>
    <subfield code="2">2022-06-22</subfield>
    <subfield code="4">0</subfield>
    <subfield code="7">1</subfield>
    <subfield code="U">2022-06-22</subfield>
    <subfield code="a">658.5421 &#x62E; &#x639; &#x647;&#x640;</subfield>
    <subfield code="d">2022-06-22</subfield>
    <subfield code="h">IC</subfield>
    <subfield code="i">00175490</subfield>
    <subfield code="m">IC</subfield>
    <subfield code="r">2022-06-22 00:00:00</subfield>
    <subfield code="t">BOOK</subfield>
    <subfield code="w">ddc</subfield>
    <subfield code="y">0</subfield>
  </datafield>
  <datafield tag="952" ind1=" " ind2=" ">
    <subfield code="1">0</subfield>
    <subfield code="2">2022-06-22</subfield>
    <subfield code="4">0</subfield>
    <subfield code="7">0</subfield>
    <subfield code="U">2022-06-22</subfield>
    <subfield code="a">658.5421 &#x62E; &#x639; &#x647;&#x640;</subfield>
    <subfield code="d">2022-06-22</subfield>
    <subfield code="h">IC</subfield>
    <subfield code="i">00175491</subfield>
    <subfield code="m">IC</subfield>
    <subfield code="r">2022-06-22 00:00:00</subfield>
    <subfield code="t">BOOK</subfield>
    <subfield code="w">ddc</subfield>
    <subfield code="y">0</subfield>
  </datafield>
  <datafield tag="952" ind1=" " ind2=" ">
    <subfield code="1">0</subfield>
    <subfield code="2">2022-06-22</subfield>
    <subfield code="4">0</subfield>
    <subfield code="7">1</subfield>
    <subfield code="U">2022-06-22</subfield>
    <subfield code="a">658.5421 &#x62E; &#x639; &#x647;&#x640;</subfield>
    <subfield code="d">2022-06-22</subfield>
    <subfield code="h">IC</subfield>
    <subfield code="i">00175492</subfield>
    <subfield code="m">IC</subfield>
    <subfield code="r">2022-06-22 00:00:00</subfield>
    <subfield code="t">BOOK</subfield>
    <subfield code="w">ddc</subfield>
    <subfield code="y">0</subfield>
  </datafield>
  <datafield tag="952" ind1=" " ind2=" ">
    <subfield code="1">0</subfield>
    <subfield code="2">2022-06-22</subfield>
    <subfield code="4">0</subfield>
    <subfield code="7">0</subfield>
    <subfield code="U">2022-06-22</subfield>
    <subfield code="a">658.5421 &#x62E; &#x639; &#x647;&#x640;</subfield>
    <subfield code="d">2022-06-22</subfield>
    <subfield code="h">IC</subfield>
    <subfield code="i">00175493</subfield>
    <subfield code="m">IC</subfield>
    <subfield code="r">2022-06-22 00:00:00</subfield>
    <subfield code="t">BOOK</subfield>
    <subfield code="w">ddc</subfield>
    <subfield code="y">0</subfield>
  </datafield>
  <datafield tag="952" ind1=" " ind2=" ">
    <subfield code="1">0</subfield>
    <subfield code="2">2022-06-22</subfield>
    <subfield code="4">0</subfield>
    <subfield code="7">1</subfield>
    <subfield code="U">2022-06-22</subfield>
    <subfield code="a">658.5421 &#x62E; &#x639; &#x647;&#x640;</subfield>
    <subfield code="d">2022-06-22</subfield>
    <subfield code="h">SRF</subfield>
    <subfield code="i">00175494</subfield>
    <subfield code="m">SRF</subfield>
    <subfield code="r">2022-06-22 00:00:00</subfield>
    <subfield code="t">BOOK</subfield>
    <subfield code="w">ddc</subfield>
    <subfield code="y">0</subfield>
  </datafield>
  <datafield tag="952" ind1=" " ind2=" ">
    <subfield code="1">0</subfield>
    <subfield code="2">2022-06-22</subfield>
    <subfield code="4">0</subfield>
    <subfield code="7">0</subfield>
    <subfield code="U">2022-06-22</subfield>
    <subfield code="a">658.5421 &#x62E; &#x639; &#x647;&#x640;</subfield>
    <subfield code="d">2022-06-22</subfield>
    <subfield code="h">SRF</subfield>
    <subfield code="i">00175495</subfield>
    <subfield code="m">SRF</subfield>
    <subfield code="r">2022-06-22 00:00:00</subfield>
    <subfield code="t">BOOK</subfield>
    <subfield code="w">ddc</subfield>
    <subfield code="y">0</subfield>
  </datafield>
  <datafield tag="952" ind1=" " ind2=" ">
    <subfield code="1">0</subfield>
    <subfield code="2">2022-06-22</subfield>
    <subfield code="4">0</subfield>
    <subfield code="7">1</subfield>
    <subfield code="U">2022-06-22</subfield>
    <subfield code="a">658.5421 &#x62E; &#x639; &#x647;&#x640;</subfield>
    <subfield code="d">2022-06-22</subfield>
    <subfield code="h">SRM</subfield>
    <subfield code="i">00175496</subfield>
    <subfield code="m">SRM</subfield>
    <subfield code="r">2022-06-22 00:00:00</subfield>
    <subfield code="t">BOOK</subfield>
    <subfield code="w">ddc</subfield>
    <subfield code="y">0</subfield>
  </datafield>
  <datafield tag="952" ind1=" " ind2=" ">
    <subfield code="1">0</subfield>
    <subfield code="2">2022-06-22</subfield>
    <subfield code="4">0</subfield>
    <subfield code="7">0</subfield>
    <subfield code="U">2022-06-22</subfield>
    <subfield code="a">658.5421 &#x62E; &#x639; &#x647;&#x640;</subfield>
    <subfield code="d">2022-06-22</subfield>
    <subfield code="h">SRM</subfield>
    <subfield code="i">00175497</subfield>
    <subfield code="m">SRM</subfield>
    <subfield code="r">2022-06-22 00:00:00</subfield>
    <subfield code="t">BOOK</subfield>
    <subfield code="w">ddc</subfield>
    <subfield code="y">0</subfield>
  </datafield>
  <datafield tag="952" ind1=" " ind2=" ">
    <subfield code="1">0</subfield>
    <subfield code="2">2022-06-22</subfield>
    <subfield code="4">0</subfield>
    <subfield code="7">1</subfield>
    <subfield code="U">2022-06-22</subfield>
    <subfield code="a">658.5421 &#x62E; &#x639; &#x647;&#x640;</subfield>
    <subfield code="d">2022-06-22</subfield>
    <subfield code="h">IC</subfield>
    <subfield code="i">00175498</subfield>
    <subfield code="m">IC</subfield>
    <subfield code="r">2022-06-22 00:00:00</subfield>
    <subfield code="t">BOOK</subfield>
    <subfield code="w">ddc</subfield>
    <subfield code="y">0</subfield>
  </datafield>
  <datafield tag="952" ind1=" " ind2=" ">
    <subfield code="1">0</subfield>
    <subfield code="2">2022-06-22</subfield>
    <subfield code="4">0</subfield>
    <subfield code="7">0</subfield>
    <subfield code="U">2022-06-22</subfield>
    <subfield code="a">658.5421 &#x62E; &#x639; &#x647;&#x640;</subfield>
    <subfield code="d">2022-06-22</subfield>
    <subfield code="h">IC</subfield>
    <subfield code="i">00175499</subfield>
    <subfield code="m">IC</subfield>
    <subfield code="r">2022-06-22 00:00:00</subfield>
    <subfield code="t">BOOK</subfield>
    <subfield code="w">ddc</subfield>
    <subfield code="y">0</subfield>
  </datafield>
  <datafield tag="952" ind1=" " ind2=" ">
    <subfield code="1">0</subfield>
    <subfield code="2">2022-06-22</subfield>
    <subfield code="4">0</subfield>
    <subfield code="7">1</subfield>
    <subfield code="U">2022-06-22</subfield>
    <subfield code="a">658.5421 &#x62E; &#x639; &#x647;&#x640;</subfield>
    <subfield code="d">2022-06-22</subfield>
    <subfield code="h">IC</subfield>
    <subfield code="i">00175500</subfield>
    <subfield code="m">IC</subfield>
    <subfield code="r">2022-06-22 00:00:00</subfield>
    <subfield code="t">BOOK</subfield>
    <subfield code="w">ddc</subfield>
    <subfield code="y">0</subfield>
  </datafield>
  <datafield tag="952" ind1=" " ind2=" ">
    <subfield code="1">0</subfield>
    <subfield code="2">2022-06-22</subfield>
    <subfield code="4">0</subfield>
    <subfield code="7">0</subfield>
    <subfield code="U">2022-06-22</subfield>
    <subfield code="a">658.5421 &#x62E; &#x639; &#x647;&#x640;</subfield>
    <subfield code="d">2022-06-22</subfield>
    <subfield code="h">IC</subfield>
    <subfield code="i">00175501</subfield>
    <subfield code="m">IC</subfield>
    <subfield code="r">2022-06-22 00:00:00</subfield>
    <subfield code="t">BOOK</subfield>
    <subfield code="w">ddc</subfield>
    <subfield code="y">0</subfield>
  </datafield>
  <datafield tag="952" ind1=" " ind2=" ">
    <subfield code="1">0</subfield>
    <subfield code="2">2022-06-22</subfield>
    <subfield code="4">0</subfield>
    <subfield code="7">1</subfield>
    <subfield code="U">2022-06-22</subfield>
    <subfield code="a">658.5421 &#x62E; &#x639; &#x647;&#x640;</subfield>
    <subfield code="d">2022-06-22</subfield>
    <subfield code="h">SZM</subfield>
    <subfield code="i">00175502</subfield>
    <subfield code="m">SZM</subfield>
    <subfield code="r">2022-06-22 00:00:00</subfield>
    <subfield code="t">BOOK</subfield>
    <subfield code="w">ddc</subfield>
    <subfield code="y">0</subfield>
  </datafield>
  <datafield tag="952" ind1=" " ind2=" ">
    <subfield code="1">0</subfield>
    <subfield code="2">2022-06-22</subfield>
    <subfield code="4">0</subfield>
    <subfield code="7">0</subfield>
    <subfield code="U">2022-06-22</subfield>
    <subfield code="a">658.5421 &#x62E; &#x639; &#x647;&#x640;</subfield>
    <subfield code="d">2022-06-22</subfield>
    <subfield code="h">SZM</subfield>
    <subfield code="i">00175503</subfield>
    <subfield code="m">SZM</subfield>
    <subfield code="r">2022-06-22 00:00:00</subfield>
    <subfield code="t">BOOK</subfield>
    <subfield code="w">ddc</subfield>
    <subfield code="y">0</subfield>
  </datafield>
</record>
